Bilecik Bilecik Bilecik Bilecik Bilecik

Azmi-Zade Haleti divanı : (Record no. 66367)

MARC details
000 -BAŞLIK
Sabit Uzunluktaki Kontrol Alanı 02093nam a22004097a 4500
001 - KONTROL NUMARASI
Control Dosyası 0065984
003 - KONTROL NUMARASI KİMLİĞİ
Kontrol Alanı KOHA_MİRAKIL
005 - EN SON İŞLEM TARİHİ ve ZAMANI
Kontrol Alanı 20260207004623.0
007 - FİZİKSEL TANIM SABİT ALAN - GENEL BİLGİ
Sabit uzunluklu kontrol alanı ta
008 - SABİT UZUNLUKTAKİ VERİ ÖGELERİ - GENEL BİLGİ
Sabit Alan 210304b2003 tu |||gr||||#0|||1|tur |
040 ## - KATALOGLAMA KAYNAĞI
Özgün Kataloglama Kurumu TR-BiSEU
Kataloglama Dili tur
Çeviri Kurumu TR-BiSEU
Açıklama Kuralları rda
041 0# - DİL KODU
Metin ya da ses kaydının dil kodu tur
044 ## - YAYINLAYAN/ÜRETEN KURULUŞUN ÜLKE KODU
ISO country code tu
050 ## - SINIFLAMA ve YER NUMARASI
Sınıflama Numarası PL248.A96
Yer Numarası D59 2003
100 0# - KİŞİ ADI
Yazar Adı (Kişi adı) Azmizade Mustafa Haletı.
240 10 - TEK BİÇİM BAŞLIK
Tekbiçim Başlık <a href="The divan of 'Azmi-Zade Haleti : introduction and facsimile edition of the manuscript Topkapı Sarayı Müzesi Kütüphanesi Hazine 894">The divan of 'Azmi-Zade Haleti : introduction and facsimile edition of the manuscript Topkapı Sarayı Müzesi Kütüphanesi Hazine 894</a>
Language of a work Türkçe
245 1# - ESER ADI BİLDİRİMİ
Başlık Azmi-Zade Haleti divanı :
Alt Eseradı vb. giriş ve divan'ın tıpkıbasımı :
-- Topkapı Sarayı Müzesi Kütüphanesi Hazine 894 =
-- The divan of 'Azmi-Zade Haleti :
-- introduction and facsimile edition of the manuscript Topkapı Sarayı Müzesi Kütüphanesi Hazine 894/
Sorumluluk Bildirimi Azmizade Mustafa Haletı ; Azmizade Mustafa Haletı; hazırlayan Bayram Ali Kaya.
264 #1 - ÜRERİM, YAYIN, DAĞITIM ve TELİF BİLDİRİMİ
Yayın yeri Cambridge, Mass. :
Yayınlayan Harvard Ünv. Yakındoğu Dilleri ve Medeniyeti Blm.
Yayın tarihi 2003
300 ## - FİZİKSEL TANIMLAMA
Sayfa, Cilt vb. 2 cilt: tıpkıbasım; 28 cm.
336 ## - İÇERİK TÜRÜ
Content type term metin
Content type code txt
Source rdacontent
337 ## - MEDYA TÜRÜ
Media type term aracısız
Media type code n
Source rdamedia
338 ## - TAŞIYICI TÜRÜ
Carrier type term cilt
Carrier type code nc
Source rdacarrier
490 1# - DİZİ BİLDİRİMİ
Dizi Bildirimi Doğu dilleri ve edebiyatlarının kaynakları ;
Cilt Numarası 57-58.
490 1# - DİZİ BİLDİRİMİ
Dizi Bildirimi Türkçe kaynaklar ;
Cilt Numarası 49-50 =
Dizi Bildirimi Sources of Oriental languages and literatures ;
Cilt Numarası 57-58.
490 1# - DİZİ BİLDİRİMİ
Dizi Bildirimi Turkish sources ;
Cilt Numarası 49-50.
500 ## - GENEL NOT
Genel Not Kaynakça ve dizin var.
505 ## - İÇİNDEKİLER NOTU
İçindekiler Notu Contents : Hayatı, Edebi kişiliği, eserleri ve divanının tenkidli metni -- Giriş ve Divanın tıpkıbasımı Topkapı Sarayı Müzesi Kütüphanesi Hazine 894.
650 #0 - KONU BAŞLIĞI EK GİRİŞ - KONU TERİMİ
Konusal terim veya coğrafi ad Azmizade Haleti--İnceleme.
9 (RLIN) 124274
650 #0 - KONU BAŞLIĞI EK GİRİŞ - KONU TERİMİ
Konusal terim veya coğrafi ad Divan şiiri--İnceleme.
9 (RLIN) 20751
650 #0 - KONU BAŞLIĞI EK GİRİŞ - KONU TERİMİ
Konusal terim veya coğrafi ad Turkic Languages--History.
9 (RLIN) 124275
650 #0 - KONU BAŞLIĞI EK GİRİŞ - KONU TERİMİ
Konusal terim veya coğrafi ad Azmi-zade Haleti--Dıvan literature.
9 (RLIN) 124276
830 1# - SERİ EK GİRİŞİ - TEKBİÇİM ESER ADI
Tekbiçim Başlık Doğu dilleri ve edebiyatlarının kaynakları ;
Volume number/sequential designation 57-58.
9 (RLIN) 85097
830 1# - SERİ EK GİRİŞİ - TEKBİÇİM ESER ADI
Tekbiçim Başlık Türkçe kaynaklar ;
Volume number/sequential designation 49-50 =
Tekbiçim Başlık Sources of Oriental languages and literatures ;
Volume number/sequential designation 57-58.
9 (RLIN) 124189
830 1# - SERİ EK GİRİŞİ - TEKBİÇİM ESER ADI
Tekbiçim Başlık Turkish sources ;
Volume number/sequential designation 49-50.
9 (RLIN) 124190
907 ## - LOCAL DATA ELEMENT G, LDG (RLIN)
a Edebiyat
942 ## - EK GİRİŞ ÖGELERİ (KOHA)
Source of classification or shelving scheme Library of Congress Classification
Koha item type Book
Holdings
Materyal Türü Kalıcı Konum Mevcut Konum Raf Yeri Sınıflandırma Kaynağı Edinim Bilgisi Ana Konular Alt Konular Yer Numarası Demirbaş Numarası Fatura Tarihi Geri Çekilme Durumu Kayıp Durumu Hasarlı Durumu Kredi için değil Kayıt Tarih Toplam Ödünçverme Toplam Yenileme Son Görülme Tarihi Son Kontrol Tarihi Genel / Bağış Notu Çıkış Durumu
Book Prof. Dr. Azmi Özcan Kütüphanesi Prof. Dr. Azmi Özcan Kütüphanesi Birûni Salonu Library of Congress Classification Bağış DİL VE EDEBİYAT Doğu Asya, Afrika, Okyanusya Dilleri ve Edebiyatları PL248.A96 D59 2003 0065984 02/02/2026         04/03/2021   1 16/03/2026 05/03/2025 Millet Kütüphanesi [Cumhurbaşkanlığı Külliyesi]  
Book Prof. Dr. Azmi Özcan Kütüphanesi Prof. Dr. Azmi Özcan Kütüphanesi Birûni Salonu Library of Congress Classification Bağış DİL VE EDEBİYAT Doğu Asya, Afrika, Okyanusya Dilleri ve Edebiyatları PL248.A96 D59 2003 0065987 02/02/2026         04/03/2021 1 1 25/03/2026 25/03/2026 Millet Kütüphanesi [Cumhurbaşkanlığı Külliyesi] 24/04/2026